000 00477nam a2200181Ia 4500
008 151018s9999 xx 000 0 und d
082 _bRBASDV4954
_a891.463
100 _a-
245 _aगोपाळ कला
250 _b1
260 _bबालवाड्मय निर्मिती शिबीर
_c1961
300 _a46
600 _a-
630 _aगोपाळ कला
700 _a-
730 _aगोपाळ कला
942 _cBOOK
999 _c1007338
_d1007335